Štúdia provizórneho hradenia haťových polí.

Uložené v:
Podrobná bibliografia
Hlavný autor: Vicianová, Silvia (Autor)
Ďalší autori: Gramblička, Miroslav (Vedúci práce)
Médium: Rukopis Kniha
Jazyk:Slovak
Vydavateľské údaje: 2017
Predmet:
On-line prístup:http://is.stuba.sk/zp/portal_zp.pl?podrobnosti=125440
https://opac.crzp.sk/?fn=detailBiblioForm&sid=4B7A8F8230E4921737116F8DC396
Tagy: Pridať tag
Žiadne tagy, Buďte prvý, kto otaguje tento záznam!

MARC

LEADER 00000ntm a22000003a 4500
001 stuzp63894
003 SK-STU
005 20230822095535.2
007 ta
008 150427s2015----xo-----f-mn---000-0-slo-d
040 |a STU  |b slo 
041 0 |a slo 
100 1 |a Vicianová, Silvia  |u 010170  |4 aut  |U SvF Stavebná fakulta  |T SvF Katedra hydrotechniky  |X 42292  |U V170  |Y 17  |7 42292 
242 0 1 |a The study of provisional damming of weirfields  |y eng 
245 1 0 |a Štúdia provizórneho hradenia haťových polí. 
260 |c 2017 
650 4 |a provizórne hradenie  |2 slo 
650 4 |a vodné dielo  |2 slo 
650 4 |a typy provizórnych hradení haťových polí  |2 slo 
650 4 |a provisional damming  |2 eng 
650 4 |a water construction  |2 eng 
650 4 |a types of provisional damming of weirfields  |2 eng 
700 1 |a Gramblička, Miroslav  |u 010940  |k Z7  |4 ths  |U SvF Dekanát  |T SvF Oddelenie prevádzky  |X 2741  |U 010940  |Y 212  |7 A000002741 
856 4 |u http://is.stuba.sk/zp/portal_zp.pl?podrobnosti=125440 
856 4 |u https://opac.crzp.sk/?fn=detailBiblioForm&sid=4B7A8F8230E4921737116F8DC396